Klātbūtne

Titel: Klātbūtne : latviešu un brazīliešu filozofa jezuīta Staņislava Ladusāna dzīve un darbs / Māra Kiope
Verfasser:
Veröffentlicht: Rīga : LU Filozofijas un socioloģijas institūts, 2015
Umfang: 521 Seiten
Format: Buch
Sprache: Lettisch
Schriftenreihe/
mehrbändiges Werk:
Filosofiskā bibliotēka. Letonika
Schlagworte:
ISBN: 9789934506260
Buchumschlag
X
Lokale Klassifikation: 46 15 S ; 46 11 F
alg: 37823518
001A    $03004:13-04-16 
001B    $03025:03-03-26 $t15:40:27.000 
001C    $03004:25-05-16 $t16:37:33.000 
001D    $03004:25-05-16 
001U    $0utf8 
001X    $00 
002@    $0Aau 
002C    $aText $btxt $2rdacontent 
002D    $aohne Hilfsmittel zu benutzen $bn $2rdamedia 
002E    $aBand $bnc $2rdacarrier 
003@    $0378235184 
004A    $A978-9934-506-26-0 
007A    $0378235184 $aHEB 
007G    $0DE020C04D20E9AD1F874FC1257FC6003471ED 
009P    $qapplication/pdf $A2 $3Inhaltsverzeichnis $uhttp://scans.hebis.de/HEBCGI/show.pl?37823518_toc.pdf $mV:DE-603;B:DE-Mb50 
010@    $alav 
010E    $erda 
011@    $a2015 
021A    $aKlātbūtne $dlatviešu un brazīliešu filozofa jezuīta Staņislava Ladusāna dzīve un darbs $hMāra Kiope 
028A    $BVerfasser $4aut $7 $8Kiope, Māra [Tnu] $9289735440 
033A    $pRīga $nLU Filozofijas un socioloģijas institūts 
034D    $a521 Seiten 
036G    $aFilosofiskā bibliotēka. Letonika 
037A    $aBiobibliografie von Staņislava Ladusāns: Seiten 457-490 
044K    $71048170527 $8Ladusãns, Stanislaus$Z1912- [Tp1] $9337480206 
045F    $a100 $eDDC23BSB 
045F/01 $a100 
045F/03 $g4796 
045G    $a200.94796 $eDDC23BSB 
045G/01 $a200.9 
045G/03 $g4796 
046L    $aZusammenfassung englisch 

lok: 37823518 24
101B    $025-05-16 $t16:20:48.000 
101C    $025-05-16 
101U    $0utf8 
145Z/01 $a46 15 S 
145Z/02 $a46 11 F 

exp: 37823518 24 1 #EPN
201B/01 $025-05-16 $t16:38:26.000 
201C/01 $013-04-16 
201U/01 $0utf8 
203@/01 $0771344651 
208@/01 $a13-04-16 $bz 
209A/01 $a16.03562 $du $f050 $h16 03562 $x00 
209C/01 $a16.03562 K $h16 03562 K 
209G/01 $a73110947 $x00 
220C/01 $amar 
247C/01 $8358050-7 Marburg, Bibliothek des Herder-Instituts Marburg $9102600961 

lok: 37823518 78

exp: 37823518 78 1 #EPN
201B/01 $003-03-26 $t15:40:27.000 
201C/01 $003-03-26 
201U/01 $0utf8 
203@/01 $01335997148 
208@/01 $a03-03-26 $be 
209A/01 $a/ $f000 $x00 
209A/01 $ab*p $x01 
220C/01 $apgar 
244Z/01 $#Lettland $#Lettland $#Lettland $#Latvija $#Latvijas Republika $#Lettische Republik $#République de Lettonie $#Republik Lettland $#Latwija $#Latvijas Republikas Tautas $#Republic of Latvia $#Latvijskaja Respublika $#Latvia $#Lettonie $#Łotwa $74074187-4 $8--Tg1--Lettland $x09 $9085208876 
247C/01 $82080>Marburg/Lahn, Herder-Institut, Forschungsbibliothek, Bibliographieportal $9336309341
LEADER 00000cam a2200000 c 4500
001 378235184
003 DE-603
005 20260303154027.0
007 tu
008 160413s2015 xx |||| | u00||u|lav c
020 |a 9789934506260 
035 |a (DE-599)HEB378235184 
040 |a DE-603  |b ger  |c DE-603  |d DE-603  |e rda 
041 |a lav 
082 0 4 |8 1\u  |a 100  |q DE-101  |2 23/BSB 
083 0 |8 2\u  |a 200.94796  |q DE-101  |2 23/BSB 
085 |8 1\u  |b 100 
085 |8 1\u  |z 2  |s 4796 
085 |8 2\u  |b 200.9 
085 |8 2\u  |z 2  |s 4796 
100 1 |a Kiope, Māra  |e Verfasser  |4 aut  |0 (DE-603)289735440 
245 0 0 |a Klātbūtne  |b latviešu un brazīliešu filozofa jezuīta Staņislava Ladusāna dzīve un darbs  |c Māra Kiope 
264 1 |a Rīga  |b LU Filozofijas un socioloģijas institūts  |c 2015 
300 |a 521 Seiten 
336 |a Text  |b txt  |2 rdacontent 
337 |a ohne Hilfsmittel zu benutzen  |b n  |2 rdamedia 
338 |a Band  |b nc  |2 rdacarrier 
490 0 |a Filosofiskā bibliotēka. Letonika 
500 |a Biobibliografie von Staņislava Ladusāns: Seiten 457-490 
546 |a Zusammenfassung englisch 
600 1 7 |a Ladusãns, Stanislaus  |d 1912-  |0 (DE-588)1048170527  |0 (DE-603)337480206  |2 gnd 
856 4 2 |m V:DE-603;B:DE-Mb50  |q application/pdf  |u http://scans.hebis.de/HEBCGI/show.pl?37823518_toc.pdf  |3 Inhaltsverzeichnis 
924 0 |9 Mb 50  |a (DE-603)771344651  |b DE-Mb50  |c HES  |d c  |g 16.03562 
924 0 |9 2080  |a (DE-603)1335997148  |b DE-2080  |c HES  |d d  |g /